| 000 | 00711nam a2200265 a 4500 | ||
|---|---|---|---|
| 999 |
_c5103 _d5103 |
||
| 001 | 5103 | ||
| 003 | BD-JhCC | ||
| 005 | 20171209105347.0 | ||
| 008 | 171209s1986 mau 001 0 eng d | ||
| 020 | _a0534057241 (pbk.) | ||
| 035 | _a(BD-JhCC)5103 | ||
| 040 |
_aDLC _cDLC _d(BD-JhCC) |
||
| 041 | _aeng | ||
| 050 | 0 | 0 |
_aPE1115 _b.G83 1986 |
| 082 | 0 | 0 |
_a428.2/08865 _219 _bGUF 1986 |
| 100 | 1 | _aGuffey, Mary Ellen. | |
| 245 | 1 | 0 |
_aBusiness English / _cMary Ellen Guffey. |
| 250 | _a2nd ed. | ||
| 260 |
_aBoston, Mass. : _bKent Pub. Co., _cc1986. |
||
| 300 |
_axii, 352, 4 p. ; _c29 cm. |
||
| 500 | _aIncludes index. | ||
| 650 | 0 |
_aEnglish language _xBusiness English. |
|
| 942 |
_2ddc _cBK |
||